=LDR 00000nam 2200000 4500 =001 INLIS000000000008084 =005 20130612100008 =008 ***********************************Ind** =035 ##$$0010-061300000008084 =041 ##$$a Ind =082 ##$$a 152.4 =090 ##$$a 152.4, Buk b =245 ##$$a Buk pintar Feng Shui, Panduan lengkap dasar-dasar Feng Shui cinta ; editor, Suhu Sun Ho =260 ##$$a 1982 $b Jakarta =300 ##$$a 60 hlm, ilus, 20 cm =650 ##$$a Cinta-Feng Shui =700 ##$$a Suhu Sun Ho